| 000 | 00499cam a2200181ua 4500 | ||
|---|---|---|---|
| 001 | 512 | ||
| 008 | 110407n ii |||gr||||Z||||||eng | ||
| 040 | _cMAIN | ||
| 082 | _a327.1160973 | ||
| 245 | 1 |
_aAlliances and american foreign policy _cby Robert E. Osgood |
|
| 250 | _a1st. | ||
| 260 |
_aCalcutta: _bScientific book agency,968. |
||
| 300 | _ax, 171p.:0cm. | ||
| 653 | _aPolitical science | ||
| 653 | _aAlliances and american foreign policy | ||
| 700 |
_aOsgood, Robert E., _eAuthor. |
||
| 942 | _cBK | ||
| 999 |
_c451 _d451 |
||